| 000 | 00413nam a2200169Ia 4500 | ||
|---|---|---|---|
| 008 | 220805s9999 xx 000 0 und d | ||
| 020 | _a0-7134-7698-2 | ||
| 041 | _aeng | ||
| 082 | _a741.672 | ||
| 100 |
_aSeaman, Julian _986910 |
||
| 260 |
_aLondon _bB T Batsford ltd _c1996 |
||
| 245 | _aFashion Illustration | ||
| 245 | _bbasic techniques | ||
| 250 | _a1 | ||
| 300 | _a94 | ||
| 650 |
_aFashion drawing _986911 |
||
| 999 |
_c47728 _d47728 |
||